000 02507nam0a2200385 4500
001 RU\NLR\BIBL_A\012815530
005 20220914125223.0
010 _a978-5-17-139408-0
_92500
021 _aRU
_bКН-П-22-017550
_9КН-П-22-1514
035 _a(NLR Aleph) 012815530
035 _a(RuMoRGB)011015651
090 _a13220697
_c13220697
100 _a20220610d2022 u y0rusy50 ca
101 1 _arus
_ceng
102 _aRU
105 _ay z 000zd
181 0 _ai4
_baxxe
182 0 _an
200 1 _aTwice
_eистория легендарной K-POP группы
_fДжейми Хил
_gпер. с англ. А. В. Костяновой
203 _aТекст
_bвизуальный
_cнепосредственный
210 _aМосква
_cАСТ
_d2022
215 _a317, [1] с.
_d21
225 1 _aK-POP
330 _aСотни миллионов просмотров на YouTube, рекордные продажи альбомов и мировой тур с концертами, собравшими полные залы, - всего за пять лет Twice удалось буквально покорить мир! Но с чего они начинали? Какой путь прошли, прежде чем оказались на вершине музыкального олимпа? В этой книге вы узнаете все секреты девушек-айдолов. Страница за страницей пройдете вместе с ними весь путь от трейни до звезд мирового уровня и даже заглянете в комнату звукозаписи Twice, чтобы узнать, как создавались легендарные треки, полюбившиеся всем: Like Ooh-Aah, Cheer Up, Likey и многие другие. А подробные досье помогут ближе познакомиться с каждой участницей герлз-бэнда!
333 _a16+
601 0 2 _a"Twice", группа
_cСеул, город; Корея, Республика
_2nlr_sh2
_3RU\NLR\AUTH\6601710631
675 _a784.96:785.161(519.5)(092)
_v4
686 1 _aЩ364.13(5КоЮ)65-68"Twice", группа
700 1 _aХил
_bД.
_gДжейми
712 0 2 _a"Twice", группа
_cСеул
_3RU\NLR\AUTH\880567666
_4570
942 _cBOOK
980 _aNB